|
|
|
|
| LEADER |
01271nam a2200313 a 4500 |
| 001 |
14357849 |
| 005 |
20081015074726.0 |
| 008 |
120627s2005 enka j 000 0 eng d |
| 010 |
|
|
|a 2006275505
|
| 020 |
|
|
|a 0521674816 (pbk.)
|
| 020 |
|
|
|a 9780521674812
|
| 035 |
|
|
|a (OCoLC)ocm62473954
|
| 040 |
|
|
|a UKM
|b eng
|c UKM
|d BAKER
|d DLC
|d BD-DhAAL
|
| 082 |
0 |
4 |
|a 428.6
|2 21
|
| 100 |
1 |
|
|a Brown, Richard,
|d 1950-
|
| 245 |
1 |
4 |
|a The watch by the sea /
|c Richard Brown ; illustrated by Annabel Large.
|
| 260 |
|
|
|a Cambridge :
|b Cambridge University Press,
|c 2005.
|
| 300 |
|
|
|a 32 p. :
|b col. ill. ;
|c 23 cm.
|
| 490 |
1 |
|
|a Cambridge storybooks
|
| 500 |
|
|
|a Originally published : 1996.
|
| 541 |
1 |
|
|e 00025490
|
| 650 |
|
0 |
|a Clocks and watches
|z New Zealand
|v Pictorial works
|v Juvenile literature.
|
| 650 |
|
0 |
|a Lost articles
|z New Zealand
|v Pictorial works
|v Juvenile literature.
|
| 650 |
|
0 |
|a Readers (Primary)
|
| 655 |
|
0 |
|a Children's stories
|v Pictorial works.
|
| 700 |
1 |
|
|a Large, Annabel.
|
| 852 |
1 |
|
|a Ayesha Abed library
|c General Shelf
|
| 999 |
|
|
|c 12450
|d 12450
|
| 952 |
|
|
|0 0
|1 0
|2 ddc
|4 0
|6 428_600000000000000_BRO
|7 0
|9 20599
|a BRACUL
|b BRACUL
|c GEN
|d 2012-07-02
|e Karim International
|g 630.75
|l 0
|o 428.6 BRO
|p 3010025490
|r 2012-07-02
|t 1
|w 2012-07-02
|y BK
|x Transferred from BIL to BRACUL on 06/06/22
|